LIBRARY & INFORMATION CENTRE, KCAET, TAVANUR

ONLINE PUBLIC ACCESS CATALOGUE (OPAC)

Geometrical drawing for art students / (Record no. 9308)

MARC details
000 -LEADER
fixed length control field 00500cam a2200205ua 4500
041 ## - LANGUAGE CODE
Language code of text/sound track or separate title eng
082 ## - DEWEY DECIMAL CLASSIFICATION NUMBER
Classification number 604.2
Item number MOR/GE
100 ## - MAIN ENTRY--AUTHOR NAME
Personal name Morris, I H .
245 ## - TITLE STATEMENT
Title Geometrical drawing for art students /
250 ## - EDITION STATEMENT
Edition statement 1 /
260 ## - PUBLICATION, DISTRIBUTION, ETC. (IMPRINT)
Place of publication Mumbai :
Name of publisher Orient-Longman Ltd ,
Year of publication 1965.
300 ## - PHYSICAL DESCRIPTION
Number of Pages 186 ; .
700 1# - ADDED ENTRY--PERSONAL NAME
Personal name Jesse, William .
942 ## - ADDED ENTRY ELEMENTS (KOHA)
Koha item type Books
Holdings
Withdrawn status Lost status Damaged status Home library Current library Date acquired Full call number Accession Number Koha item type Public note
Withdrawn     KAUAET Malayalam University 07/04/2012 604.2 4098 Books  
Withdrawn     KAUAET Sanskrit University 07/04/2012 604.2 8218 Books Transferred to Sanskrit University
free website counter